Normal view MARC view

Entry Nombre personal

Number of records used in: 12

001 - NÚMERO DE CONTROL

  • campo de control: 165312

003 - IDENTIFICADOR DE NÚMERO DE CONTROL

  • campo de control: SpMaBN

005 - FECHA Y HORA DE LA ÚLTIMA TRANSACCIÓN

  • campo de control: 20230703133609.0

008 - ELEMENTOS DE DATO DE LONGITUD-FIJA

  • campo de control de longitud fija: 910614n aijnnaaan n aaa

016 ## - NÚMERO DE CONTROL DE UNA AGENCIA BIBLIOGRÁFICA NACIONAL

  • Número de control del registro: BNE19912754154

024 7# - IDENTIFICADOR DE OTROS ESTÁNDARES

  • Número estándar o código: http://viaf.org/viaf/38153068/
  • Fuente: viaf

024 8# - IDENTIFICADOR DE OTROS ESTÁNDARES

  • Número estándar o código: http://pares.mcu.es:80/ParesBusquedas20/catalogo/autoridad/151 725

024 7# - IDENTIFICADOR DE OTROS ESTÁNDARES

  • Número estándar o código: https://isni.org/isni/0000000117977772
  • Fuente: isni

024 7# - IDENTIFICADOR DE OTROS ESTÁNDARES

  • Número estándar o código: http://www.wikidata.org/entity/Q3816917
  • Fuente: wikidata

040 ## - FUENTE DE CATALOGACIÓN

  • Centro catalogador/agencia de origen: SpMaBN
  • Lengua de catalogación: spa
  • Centro/agencia transcriptor: SpMaBN
  • Normas de descripción: rdc
  • Convención/Normas de encabezamiento de materia/tesauro: embne

046 ## - FECHAS CON CODIFICACIÓN ESPECIAL

  • Fecha de nacimiento: 1884
  • Fecha de la muerte: 1943

100 1# - ENCABEZAMIENTO-NOMBRE DE PERSONA

  • Nombre de persona: Abril, Manuel,
  • Fechas asociadas al nombre: 1884-1943

370 ## - LUGAR ASOCIADO

  • Lugar de nacimiento: Madrid, España
  • Fuente de información: (Wikidata)
  • Número de control del registro de autoridad o número normalizado: XX450543

373 ## - GRUPO ASOCIADO

  • Grupo asociado: Ateneo de Madrid
  • Fuente de información: Cargos históricos del Ateneo de Madrid 1835-1936 (Archivo del Ateneo); Ateneo de Madrid: memoria 1962-1967

374 ## - OCUPACIÓN

  • Ocupación: Poetas
  • Ocupación: Periodistas
  • Ocupación: Escritores
  • Fuente de información: Wikidata

375 ## - GÉNERO/SEXO

  • Género: Masculino

377 ## - IDIOMA ASOCIADO

  • Término de lengua/lenguaje: Español

670 ## - FUENTE DE DATOS ENCONTRADOS

  • Cita de la fuente: Totó, Titi, Loló, Lilí, Frufrú, Pompoff y la señora Romboedro y otros cuentos para niños, 1995
  • Información encontrada: port. (Manuel Abril) solapa (Manuel Abril (1884-1946); poeta, novelista, crítico literario y de arte)

670 ## - FUENTE DE DATOS ENCONTRADOS

  • Cita de la fuente: Adolfo, de Benjamin, 1989
  • Información encontrada: port. (traducción de Manuel Abril)

670 ## - FUENTE DE DATOS ENCONTRADOS

  • Cita de la fuente: Diccionario de literatura española e hispanoamericana, 1993
  • Información encontrada: (Abril, Manuel; n. 1884, Madrid - m. 1943. Periodista y crítico de arte. Escribió cuentos, poesía y obras de teatro)

670 ## - FUENTE DE DATOS ENCONTRADOS

  • Cita de la fuente: ¿Quién me puede acercar al arte del siglo XX?: Manuel Abril, 2008
  • Información encontrada: pág. 17 (Abril, Manuel; n. 1884 - m. 1943)

670 ## - FUENTE DE DATOS ENCONTRADOS

  • Cita de la fuente: WWW DBe, RAH, 27-05-2020
  • Información encontrada: (Abril, Manuel, Madrid, 1884 – 19-01-1943, escritor y crítico)
  • Identificador Uniforme de Recursos: http://dbe.rah.es/biografias/4720/manuel-abril

670 ## - FUENTE DE DATOS ENCONTRADOS

  • Cita de la fuente: WWW BN España aut., 28/06/2023
  • Información encontrada: (Abril, Manuel, 1884-1943)

678 ## - DATOS BIOGRÁFICOS O HISTÓRICOS

  • Datos biográficos o históricos: Socio del Ateneo de Madrid. Secretario segundo de la Sección de Artes Plásticas en 1913-16. Secretario primero de la Sección de Artes Plásticas en 1918-21
  • Ampliación de la nota: Fuentes: Cargos históricos del Ateneo de Madrid 1835-1936 (Archivo del Ateneo); Ateneo de Madrid: memoria 1962-1967